000 00605naa a2200193 4500
001 124864
003 ES-MaBCM
005 20241016143955.0
008 060330s2006 fra|r0p 0 ||fre d
021 _axx
035 _a(OCoLC)1365148959
040 _cES-MaBCM
100 1 _aBoistard, Pierre
_969921
245 0 0 _aPolitique scientifique et liberté du chercheur
_b: le groupe Science en question de l'INRA
_cPierre Boistard
651 1 4 _aFrancia
_9115364
650 1 7 _aPolítica de investigación
_959815
773 0 _aEn:
_tFuturibles
_dParis
_w104423
_gNº 317 (mars 2006), p. 25-31
942 _cAREV
999 _c124864
_d124864